[Event "18th Delhi GM Open 2020"]
[Site "Delhi"]
[Date "2020.01.10"]
[Round "3.4"]
[White "Aleksandrov, Aleksej"]
[Black "Vishnu Prasanna. V"]
[Result "1-0"]
[WhiteElo "2592"]
[BlackElo "2474"]
[Annotator "TA RC"]
[PlyCount "65"]
[EventDate "2020.01.09"]
[EventType "swiss"]
[EventCountry "IND"]
[SourceTitle "playchess.com"]
[Source "ChessBase"]
[SourceQuality "1"]

{[%evp 17,67,4,27,0,0,0,0,0,12,8,10,-31,-35,-43,10,0,0,0,0,0,33,35,33,33,40,27,36,14,24,16,48,59,60,49,79,73,68,43,38,38,81,81,92,87,86,86,85,85,352,-658,-661,-1281]} 1. d4 Nf6 2. c4 g6 3. Nf3 Bg7 4. e3 O-O 5. Be2 d6 6. O-O Nbd7 7. Nc3 e5 8. Qc2 Re8 9. dxe5 dxe5 10. Nd2 {E61: King's Indian: Early deviations for White, including Smyslov System} Qe7 11. Nd5 $146 ({Predecessor:} 11. e4 c6 12. Nb3 Nf8 13. Be3 Ne6 14. Rad1 h5 15. Rd2 Ng4 16. Bxg4 hxg4 17. Ne2 Qh4 {0-1 (35) Plumanns,D (2199)-Tseitlin,M (2509) Panormo 2001}) 11... Nxd5 12. cxd5 {The position is equal.} Qc5 13. Qxc5 Nxc5 14. b3 e4 15. Rb1 Bf5 ({Black should play} 15... b6 $15) 16. Ba3 $11 Nd3 17. Rfd1 Rad8 18. g4 Bc8 {[#]} 19. Nxe4 $1 {[%mdl 512]} Nf4 $1 {[%cal Rf4e2]} (19... Rxe4 20. Rxd3) 20. Bf3 $36 {[%mdl 2048] White has good play.} Nxd5 21. Rbc1 Be5 22. Bc5 c6 23. Bxa7 f5 24. gxf5 gxf5 25. Ng3 Nc3 26. Rxd8 Rxd8 27. Rc2 Be6 28. Ne2 Nb5 29. Bb6 Rd3 30. Kg2 Kf7 31. Ba5 Rd7 32. Rd2 Rd5 $2 {[%mdl 8192] [#]} (32... Ke7 $16 {might work better.}) 33. Bxd5 {Played: Rd2-d3} 1-0

[Event "18th Delhi GM Open 2020"]
[Site "Delhi"]
[Date "2020.01.10"]
[Round "3.5"]
[White "Mchedlishvili, Mikheil"]
[Black "Taher, Yoseph Theolifus"]
[Result "1/2-1/2"]
[WhiteElo "2578"]
[BlackElo "2462"]
[Annotator "TA"]
[PlyCount "53"]
[EventDate "2020.01.09"]
[EventType "swiss"]
[EventCountry "IND"]
[SourceTitle "playchess.com"]
[Source "ChessBase"]
[SourceQuality "1"]

{[%evp 15,53,9,60,60,53,54,65,68,77,38,39,41,79,59,104,45,68,54,58,60,96,100,87,93,89,105,98,96,91,50,52,53,60,61,59,0,58,0,48,0]} 1. d4 d5 2. c4 dxc4 3. e3 e5 4. Bxc4 exd4 5. exd4 Bd6 6. Nf3 Nf6 7. O-O O-O 8. Nc3 Nbd7 ({Better is} 8... h6 $11) 9. Re1 $14 {D20: Queen's Gambit Accepted: 3 e3 and 3 e4} (9. Bg5 Nb6 10. Bd3 Bg4 11. Re1 c6 12. Bc2 h6 13. Bh4 g5 14. Bg3 Bxg3 15. hxg3 Qd6 16. Qd3 Bxf3 17. Qxf3 {1-0 (59) Kosteniuk,A (2546)-Dzagnidze,N (2510) Hengshui 2019}) 9... Nb6 10. Bb3 Bf5 11. Bg5 c6 12. h3 (12. Nh4 $5 {[%cal Rh4f5]} h6 13. Nxf5 hxg5 14. Qd2 $16) 12... h6 13. Bh4 Be7 $146 ({Predecessor:} 13... g5 14. Nxg5 hxg5 15. Bxg5 Nbd7 16. Qf3 {½-½ (47) Merschkoetter,P (1608)-Bartsch,J (1621) Germany 2008}) 14. Ne5 {Strongly threatening Bxf7+.} Nbd5 15. Nxd5 (15. Qf3 $16 Be6 {[#]} 16. Ng6 $1 {[%mdl 512]}) 15... Nxd5 16. Bxe7 Nxe7 17. Qf3 {[#] Threatens to win with Nxf7.} Be6 18. Bxe6 fxe6 19. Qb3 Qc8 20. Re4 Nd5 21. Rae1 Rf4 22. g3 Rxe4 $1 23. Rxe4 Qc7 24. Nd3 Qf7 25. Ne5 Qc7 $1 26. Nd3 Qf7 27. Ne5 {Accuracy: White = 59%, Black = 60%.} 1/2-1/2

[Event "18th Delhi GM Open 2020"]
[Site "Delhi"]
[Date "2020.01.10"]
[Round "3.6"]
[White "Saptarshi, Roy"]
[Black "Rozum, Ivan"]
[Result "1/2-1/2"]
[WhiteElo "2460"]
[BlackElo "2573"]
[Annotator "TA"]
[PlyCount "91"]
[EventDate "2020.01.09"]
[EventType "swiss"]
[EventCountry "IND"]
[SourceTitle "playchess.com"]
[Source "ChessBase"]
[SourceQuality "1"]

{[%evp 23,91,9,11,-38,-18,-10,-13,-45,6,0,12,0,0,0,6,0,0,0,0,0,0,-16,0,-8,-6,-14,0,0,0,0,0,0,0,-11,0,0,0,0,0,0,0,-14,0,-7,-9,-5,-10,-7,-8,-6,-8,-12,0,0,0,0,0,0,0,0,0,0,0,0,0,0,0,0,0,0]} 1. e4 c6 2. d4 d5 3. Nc3 dxe4 4. Nxe4 Bf5 5. Ng3 Bg6 6. h4 h6 7. Nf3 Nd7 8. h5 Bh7 9. Bd3 Bxd3 10. Qxd3 e6 11. Bd2 Ngf6 12. O-O-O Be7 13. Nf1 {B19: Classical Caro-Kann: 4...Bf5 main line} (13. Ne4 Nxe4 14. Qxe4 Nf6 15. Qe2 Qd5 16. c4 Qe4 17. Qxe4 Nxe4 18. Be3 f5 19. Nd2 Nxd2 20. Kxd2 Kf7 21. Ke2 Rhd8 22. Rd3 Rd7 23. Rhd1 Rad8 24. f3 Bf6 25. b3 a6 26. R1d2 Rd6 27. Rd1 R6d7 28. g4 b5 29. R1d2 Ke7 30. Rd1 Kf7 31. R1d2 Ke7 {½-½ (31) Lupulescu,C (2643)-Amin,B (2699) Douglas 2019}) 13... c5 14. Ne3 cxd4 15. Nxd4 Nc5 $146 ({Black should play} 15... O-O $15) ({Predecessor:} 15... O-O 16. Qe2 Qb6 17. Nb3 a5 18. a4 Rfc8 19. Kb1 Nc5 20. Nxc5 Rxc5 {0-1 (40) De Groote,J (2168)-Lambrechts,K (2298) Netherlands 2015}) 16. Qb5+ $11 {The position is equal.} Qd7 17. f3 a6 18. Qxd7+ Ncxd7 19. g4 O-O 20. Rhe1 Rfc8 21. Kb1 b5 22. Nb3 Nb6 23. Bc3 Kf8 24. Be5 Nfd5 25. Nxd5 Nxd5 26. Re4 Bf6 27. Bxf6 Nxf6 28. Red4 Nd5 29. c3 a5 30. Nd2 Ke7 31. Re1 {[#] Hoping for Rxd5.} Rd8 32. Ne4 Nb6 33. Red1 Rd5 34. Rxd5 Nxd5 {[%mdl 4096] Endgame KRN-KRN} 35. Rd4 g6 36. hxg6 fxg6 37. a4 bxa4 38. Rxa4 Nb6 39. Ra1 a4 40. Kc2 h5 41. Rh1 Rh8 42. Rh4 Nc4 43. Ng3 {[%cal Rg4h5]} Rb8 44. gxh5 Rxb2+ 45. Kc1 {[#] And now h6 would win.} Rg2 46. Rxc4 {Accuracy: White = 61%, Black = 69%.} 1/2-1/2

[Event "18th Delhi GM Open 2020"]
[Site "Delhi"]
[Date "2020.01.10"]
[Round "3.7"]
[White "Bogdanovich, Stanislav"]
[Black "Rahman, Ziaur"]
[Result "0-1"]
[WhiteElo "2562"]
[BlackElo "2434"]
[Annotator "TA"]
[PlyCount "60"]
[EventDate "2020.01.09"]
[EventType "swiss"]
[EventCountry "IND"]
[SourceTitle "playchess.com"]
[Source "ChessBase"]
[SourceQuality "1"]

{[%evp 9,60,0,0,0,-3,-41,-43,-46,0,-35,-31,-116,-102,-111,-120,-116,-110,-95,-109,-103,-28,-94,-64,-60,-69,-116,-103,-198,-196,-204,-197,-189,-183,-173,-134,-212,-212,-212,-216,-212,-208,-213,-207,-200,-204,-206,-213,-225,-210,-211,-198,-181,-172]} 1. c4 e6 2. Nf3 d5 3. g3 Nf6 4. Bg2 dxc4 5. O-O a6 6. Qc2 {A13: English Opening: 1...e6} Bd6 7. e4 $146 {e5 is the strong threat.} ({Predecessor:} 7. Qxc4 b5 8. Qc2 Bb7 9. a4 c5 10. Nc3 Qb6 11. d3 O-O 12. axb5 axb5 13. Rxa8 Bxa8 {½-½ (33) Grachev,B (2647)-Riazantsev,A (2662) Sochi 2018}) 7... e5 8. Qxc4 {Black is slightly better.} Be6 (8... c5 {keeps more tension.} 9. d3 Nc6 10. Bg5 Be6 11. Qc2 O-O) 9. Qe2 c5 10. d4 (10. d3 $15) 10... cxd4 $17 {[#]} 11. Nxd4 $1 {[%mdl 512]} exd4 12. e5 {[#]} d3 $1 13. Qe1 (13. Qxd3 Bxe5) 13... Nc6 14. exd6 O-O (14... Qxd6 $17 {Strongly threatening ...Nd4.} 15. Nc3 O-O) 15. Bg5 (15. Bf4 $11 {keeps the balance.}) 15... h6 $36 {[%mdl 2048] Black is more active.} 16. Bxf6 Qxf6 ({Much weaker is} 16... gxf6 17. Qe3 $11) 17. Nc3 {[%cal Bb1c3,Bc3d5,Bd5e3][%mdl 32]} Bf5 18. d7 (18. Ne4 $17 Bxe4 19. Bxe4) 18... Rad8 $19 {Black is clearly better.} ({Much less strong is} 18... Bxd7 19. Nd5 $17) 19. Nd5 Qd4 20. Qc3 {And now Ne7+! would win.} Rxd7 21. Ne3 Be6 22. Qxd4 (22. Bxc6 $17 bxc6 23. Qxc6) 22... Nxd4 23. Rfd1 Rfd8 {aiming for ...Nc2.} 24. Rd2 {[#]} Nc2 $1 {[%mdl 512]} 25. Rc1 (25. Nxc2 dxc2) 25... Nxe3 26. fxe3 Bxa2 27. Kf2 g6 28. e4 Bb3 29. Rc5 Kg7 30. Ke3 Ba4 {Accuracy: White = 46%, Black = 84%.} 0-1

[Event "18th Delhi GM Open 2020"]
[Site "Delhi"]
[Date "2020.01.10"]
[Round "3.8"]
[White "Krishna C R G"]
[Black "David, Alberto"]
[Result "1-0"]
[WhiteElo "2436"]
[BlackElo "2562"]
[Annotator "TA"]
[PlyCount "105"]
[EventDate "2020.01.09"]
[EventType "swiss"]
[EventCountry "IND"]
[SourceTitle "playchess.com"]
[Source "ChessBase"]
[SourceQuality "1"]

{[%evp 17,105,0,0,17,9,11,8,11,10,0,41,37,39,46,76,59,65,60,47,11,50,40,29,34,44,41,229,182,198,192,220,225,280,288,285,140,144,144,135,133,197,221,337,327,335,293,293,289,291,295,279,299,279,298,314,255,261,257,273,252,308,258,356,352,458,426,425,415,700,712,686,689,669,660,852,851,842,842,836,836,1208,1161,29985,29986,29986,29987,29987,29987,29987,29988]} 1. d4 Nf6 2. c4 e6 3. g3 d5 4. Bg2 Be7 5. Nf3 O-O 6. O-O c6 7. Qc2 b6 8. Nbd2 Bb7 9. e4 Na6 10. a3 {E06: Closed Catalan: Early deviations} c5 {[%cal Rd5e4]} 11. exd5 exd5 12. Rd1 {The position is equal.} Rc8 13. b3 Qc7 14. Bb2 dxc4 15. Qxc4 Qb8 $146 ({Predecessor:} 15... cxd4 16. Qxc7 Rxc7 17. Nxd4 Bxg2 18. Kxg2 {1-0 (47) Donchenko,A (2574)-Henderson de la Fuente,L (2459) Budapest 2018}) 16. Bh3 b5 17. Qf1 (17. Qxb5 Bxf3 18. Qxa6 Bxd1 $11) 17... Rcd8 18. Bg2 (18. Qxb5 Bxf3 19. Qxa6 (19. Qxb8 Rxb8 20. Re1 Rfe8 $17) 19... Bxd1 $17) 18... Qa8 19. Rac1 Ne4 20. Nxe4 Bxe4 21. Ne5 Rd6 $2 {[#]} ({Better is} 21... Bxg2 $14 22. Qxg2 Rd6) 22. Bxe4 $1 $18 (22. dxc5 Rxd1 23. Rxd1 Nxc5 $14) 22... Qxe4 23. Qxb5 {And now Nc4 would win.} Bg5 24. Re1 (24. dxc5 $6 Rxd1+ 25. Rxd1 Qc2 $16) 24... Qf5 25. f4 (25. dxc5 Rd2 $11) 25... Bd8 26. Nc6 (26. dxc5 $18 Nxc5 27. Rxc5) 26... Qd7 $16 27. Qxa6 Rxc6 28. Qa4 Qd5 (28... Bb6 $16 29. b4 c4 30. Rxc4 {[%mdl 64] Pin} Rd6 31. Qxd7 Rxd7) 29. Re5 $18 Qd6 (29... Qd7 {was called for.} 30. dxc5 Bf6) 30. dxc5 Qc7 {and the idea ...Bf6 leaves Black hopeful.} 31. b4 Bf6 32. Re2 Bxb2 33. Rxb2 h5 34. Qd1 h4 35. Qf3 a5 36. Re2 axb4 37. axb4 Rb6 38. Re4 ({Much less strong is} 38. cxb6 Qxc1+ 39. Kg2 Qd1 $18) 38... h3 39. Qf1 Qb7 40. Qc4 ({Not} 40. cxb6 Qxe4 41. Rd1 Re8 $11) 40... Re6 41. c6 Qa7+ 42. Kf1 Rd6 (42... Rxe4 $142 43. Qxe4 Qa8) 43. c7 Qa3 44. Ke2 Rc8 45. Re7 Qb2+ 46. Rc2 Qf6 47. Qe4 {[#] Re8+ would kill now.} Kf8 48. Re5 {aiming for Qb7.} Rb6 49. Qh7 {[%cal Rh7h8]} ({Less strong is} 49. Re8+ Rxe8 50. c8=Q Rbe6 $16) 49... Re6 50. Qh8+ {White mates.} Ke7 51. Qxc8 {[%csl Gc7][%cal Rc8d8]} Rxe5+ 52. fxe5 Qxe5+ 53. Kd3 {Accuracy: White = 72%, Black = 48%.} 1-0

[Event "18th Delhi GM Open 2020"]
[Site "Delhi"]
[Date "2020.01.10"]
[Round "3.9"]
[White "Fedorov, Alexei"]
[Black "Das, Sayantan"]
[Result "1/2-1/2"]
[WhiteElo "2562"]
[BlackElo "2424"]
[Annotator "RC"]
[PlyCount "98"]
[EventDate "2020.01.09"]
[EventType "swiss"]
[EventCountry "IND"]
[SourceTitle "playchess.com"]
[Source "ChessBase"]
[SourceQuality "1"]
[TimeControl "5400+30"]

1. e4 e6 2. Qe2 c5 3. f4 Nc6 4. Nf3 d5 5. exd5 Qxd5 6. Nc3 Qd8 7. b3 Nh6 8. Bb2 Nf5 9. O-O-O Be7 10. Ne4 O-O 11. Kb1 Bd7 12. Qf2 Qb6 13. Ne5 Nxe5 14. fxe5 Bc6 15. Bd3 Bxe4 16. Bxe4 Nd4 17. Rhe1 a5 18. a4 Rad8 19. Qf1 Rd7 20. Qd3 g6 21. c3 c4 22. Qxc4 Nxb3 23. d4 Rc7 24. Qb5 Qxb5 25. axb5 a4 26. b6 Rc4 27. Ka2 Na5 28. Rd3 Rcc8 29. Rb1 Nc4 30. Bxb7 Rb8 31. Ba6 Nxb6 32. c4 Ra8 33. Bb5 Rfc8 34. c5 Nd5 35. Bc1 Rcb8 36. Bd2 f6 37. exf6 Bxf6 38. g4 Kf7 39. g5 Bg7 40. Rf1+ Ke7 41. Bc6 Ra6 42. Bxd5 exd5 43. Bf4 Rb3 44. Bd6+ Ke6 45. Re1+ Kf5 46. Rd2 Kxg5 47. Re7 Bf6 48. Rxh7 Rf3 49. Rb7 a3 1/2-1/2

[Event "18th Delhi GM Open 2020"]
[Site "Delhi"]
[Date "2020.01.10"]
[Round "3.10"]
[White "Hesham, Abdelrahman"]
[Black "Lalith Babu M R"]
[Result "1-0"]
[WhiteElo "2429"]
[BlackElo "2558"]
[Annotator "TA"]
[PlyCount "61"]
[EventDate "2020.01.09"]
[EventType "swiss"]
[EventCountry "IND"]
[SourceTitle "playchess.com"]
[Source "ChessBase"]
[SourceQuality "1"]

{[%evp 16,61,14,9,22,18,30,37,32,29,36,32,42,43,34,37,35,31,41,42,29,32,35,16,39,0,23,0,0,-25,-14,-22,-28,-29,0,0,271,276,226,248,29994,29995,29995,29996,29996,29997,29997,29998]} 1. d4 Nf6 2. c4 e6 3. Nf3 b6 4. g3 Ba6 5. b3 Bb4+ 6. Bd2 Be7 7. Bg2 c6 8. O-O d5 9. Ne5 O-O {E15: Queen's Indian: 4 g3 sidelines, 4 g3 Ba6 and 4 g3 Bb7 early deviations} 10. Bc3 Nfd7 11. Nd3 dxc4 {White is slightly better.} 12. Nb4 Bxb4 (12... cxb3 13. Nxa6 Nxa6 14. Bxc6 Rb8 15. axb3 Nb4 16. Bxb4 Bxb4 17. Rxa7 {1-0 (32) Grischuk,A (2764)-Duda,J (2748) Hamburg 2019}) 13. Bxb4 cxb3 14. axb3 Re8 15. Nd2 {[%mdl 1024] White has compensation.} Nf6 16. Nc4 Nd5 17. Bd2 Bb7 $146 ({Predecessor:} 17... Ne7 18. Bb4 {½-½ (20) Villar Ramos,E (2085)-Wydornik,R (2070) ICCF email 2007}) 18. e4 Nc7 19. e5 {Black must now prevent Qg4.} Nb5 20. Qh5 Nd7 $1 21. Bg5 Qc7 22. Bf6 {White wants to mate with Qg5!} Nf8 23. Ne3 {[%cal Bc4e3,Be3g4,Bg4h6,Bh6f5][%mdl 32]} (23. Bxg7 $2 Kxg7 24. f4 Ng6 $19) 23... Nxd4 {Strongly threatening ...c5.} ({Wrong is} 23... gxf6 $2 24. exf6 Qd8 25. Qh6 $18) 24. Ng4 Nf5 {...c5 is the strong threat.} ({Stronger than} 24... Nxb3 25. Qh6 $1 {[%mdl 512]} (25. Nh6+ Kh8 $11) 25... gxf6 26. exf6 Nxa1 27. Qg7#) 25. Be4 $40 {[%mdl 128] Hoping for Qg5! White attacks.} c5 $2 {[%mdl 8192]} (25... gxf6 $11 26. Nxf6+ Kh8) 26. Bxf5 $18 exf5 {[#]} 27. Nh6+ $1 {[%mdl 512]} Kh8 $2 {[#]} (27... gxh6 $18 28. Qxh6 Ne6) 28. Bxg7+ $1 {[%mdl 512] White mates.} Kxg7 29. Qg5+ Ng6 30. Nxf5+ Kg8 31. Qf6 {Accuracy: White = 84%, Black = 66%.} 1-0

[Event "18th Delhi GM Open 2020"]
[Site "Delhi"]
[Date "2020.01.10"]
[Round "3.11"]
[White "Gholami, Aryan"]
[Black "Gusain, Himal"]
[Result "0-1"]
[WhiteElo "2541"]
[BlackElo "2401"]
[Annotator "TA"]
[PlyCount "70"]
[EventDate "2020.01.09"]
[EventType "swiss"]
[EventCountry "IND"]
[SourceTitle "playchess.com"]
[Source "ChessBase"]
[SourceQuality "1"]

{[%evp 9,70,4,10,0,0,0,16,13,10,22,26,9,22,16,25,25,22,24,33,27,27,27,42,-4,20,10,55,56,37,0,0,0,0,0,0,0,0,0,0,0,0,0,0,-77,-79,-141,-130,-134,-118,-241,-203,-339,-341,-624,-624,-617,-617,-600,-587,-5214,-5187,-5269,-715]} 1. Nf3 d5 2. d4 e6 3. Bf4 Bd6 4. e3 Nf6 5. Bd3 b6 (5... O-O 6. O-O c5 7. c3 Bxf4 8. exf4 Qb6 9. Qe2 cxd4 10. cxd4 Nc6 11. Rd1 g6 12. g3 Bd7 13. Nc3 {1-0 (37) Petrosian,T (2589)-Sethuraman,S (2646) Moscow 2018}) 6. Ne5 {D02: 1 d4 d5 2 Nf3 sidelines, including 2...Nf6 3 g3 and 2...Nf6 3 Bf4} O-O 7. Qf3 Ba6 $146 ({Predecessor:} 7... c5 8. c3 Ba6 9. Bxa6 Nxa6 10. Bg5 Rc8 11. Nd2 Be7 12. Rd1 b5 13. Qe2 c4 14. a3 {½-½ (62) Mamedjarova,Z (2332)-Limontaite,S (2152) Stockholm 2008}) 8. Bxa6 {The position is equal.} Nxa6 9. Bg5 Nb8 10. Nd2 Be7 11. c4 c6 12. O-O Nfd7 {Strongly threatening ...Nxe5.} 13. Bxe7 Qxe7 14. Nd3 Na6 15. a3 Nf6 16. e4 dxc4 17. Nxc4 Rfd8 18. Nde5 Rac8 19. Rfd1 c5 20. dxc5 Qxc5 {Threatens to win with ...b5.} 21. Rxd8+ Rxd8 22. Rd1 Qc7 23. Rxd8+ Qxd8 24. g4 b5 25. Nc6 {[%mdl 64] Double Attack} Qc7 26. N4e5 {[#]} (26. N4a5 $1 $11 {keeps the balance.}) 26... Nb8 $1 $17 {[%cal Rb8c6][%mdl 64] Overworked Piece} 27. Nxb8 ({White should try} 27. Qc3) 27... Qxe5 28. Nc6 Qxb2 {Hoping for ...Qc1+.} 29. Nxa7 {[#]} (29. Kg2 $17) 29... h5 $1 {[%mdl 512]} 30. gxh5 (30. g5 $142 Qc1+ 31. Kg2 Qxg5+ 32. Qg3) 30... b4 $19 31. Nb5 $2 (31. axb4 Qa1+ {[%mdl 64] Double Attack} 32. Kg2 Qxa7 33. h6) 31... Qc1+ {Black is clearly winning.} 32. Kg2 Qg5+ {[%mdl 64] Double Attack} 33. Qg3 Qxb5 34. h6 {[%csl Gh6][%cal Rg3g7]} Nh5 35. Qb3 Qg5+ {Accuracy: White = 51%, Black = 48%.} (35... Qe2 $142 36. axb4 Nf4+ 37. Kg3 Nd3 38. Qxd3 Qxd3+ 39. Kf4 gxh6) 0-1

[Event "18th Delhi GM Open 2020"]
[Site "Delhi"]
[Date "2020.01.10"]
[Round "3.12"]
[White "Dzhumaev, Marat"]
[Black "Debashis, Das"]
[Result "1/2-1/2"]
[WhiteElo "2422"]
[BlackElo "2523"]
[Annotator "TA"]
[PlyCount "76"]
[EventDate "2020.01.09"]
[EventType "swiss"]
[EventCountry "IND"]
[SourceTitle "playchess.com"]
[Source "ChessBase"]
[SourceQuality "1"]

{[%evp 22,76,-35,-52,28,-46,-51,-71,-70,-79,-71,-92,-85,-89,-86,-91,-88,-77,-87,-89,-91,-81,-77,-67,-79,-143,-135,-149,-98,-98,-95,-98,-97,-95,-97,-97,-97,-94,-97,-90,-98,-113,-120,-145,-114,-102,0,0,0,-14,-14,-14,-14,-14,-12,-13,-19]} 1. e4 c5 2. Nf3 d6 3. d4 cxd4 4. Nxd4 Nf6 5. Nc3 a6 6. Bc4 e6 7. O-O Be7 8. Bb3 O-O 9. f4 b5 10. e5 dxe5 11. fxe5 Nfd7 12. Qh5 g6 {B87: Sicilian Scheveningen/Najdorf: 6 Bc4, with early ...b5} ({Black should play} 12... Nc6 $15 13. Be3 (13. Nxc6 Qb6+ {[%mdl 64] Double Attack} 14. Be3 Qxc6 $15) 13... Nxd4 14. Bxd4 Nc5) 13. Qe2 (13. Qh3 $11) 13... Bc5 14. Be3 Qb6 $1 {Black is better.} 15. Rad1 Nc6 $1 {[%cal Rc6d4]} (15... Bb7 16. Kh1 Re8 17. Bg1 Qc7 18. Ne4 Bxe4 19. Qxe4 Bxd4 20. Qxd4 Nxe5 {½-½ (31) Dzhumaev,M (2437)-Ghaem Maghami,E (2533) New Delhi 2019}) 16. Nxc6 {Black must now prevent Ne7+.} Bxe3+ 17. Kh1 {Ne7+ is the strong threat.} Bc5 $36 {[%mdl 2048] White is under strong pressure.} 18. Qf3 Bb7 19. Rxd7 Bxc6 20. Ne4 Bxe4 $146 ({Predecessor:} 20... Bxd7 21. Nf6+ Kg7 22. Nxd7 Qc7 23. Nxf8 {½-½ (23) Carrion,M-Green,E (2265) Haifa 1976}) 21. Qxe4 Ra7 22. Rd3 Rd8 23. Rh3 (23. c3 $142) 23... Rd4 $17 24. Qe1 Qc6 (24... Rad7 $142 25. Rhf3 Qc6) 25. Re3 Rad7 26. Re2 Be7 27. c3 Bh4 28. Qc1 Re4 29. Rxe4 Qxe4 30. Qf4 Qe2 31. Kg1 Bd8 $1 32. h3 {Strongly threatening Bxe6!} ({But not} 32. Bxe6 $2 Bb6+ 33. Kh1 Bf2 $19) 32... Bb6+ ({Wrong is} 32... Qxb2 $2 33. Bxe6 $1 {[%mdl 512]} Qd2 34. Bxd7 $18 (34. Bxf7+ Kg7 $14)) 33. Kh1 {Threatens to win with Bxe6!} Bc7 (33... Be3 $17 34. Qf6 {[#]} Bg5 $1 {[%mdl 512]}) 34. Bxe6 $1 $11 {[%mdl 64] Double Attack. The position is equal.} Bxe5 35. Bg4 Qd3 36. Qf3 Qxf3 37. Bxf3 Rd2 38. Rb1 Kg7 {Accuracy: White = 60%, Black = 73%.} 1/2-1/2

[Event "18th Delhi GM Open 2020"]
[Site "Delhi"]
[Date "2020.01.10"]
[Round "3.13"]
[White "Muthaiah AL"]
[Black "Visakh N R"]
[Result "1-0"]
[WhiteElo "2367"]
[BlackElo "2518"]
[Annotator "TA"]
[PlyCount "121"]
[EventDate "2020.01.09"]
[EventType "swiss"]
[EventCountry "IND"]
[SourceTitle "playchess.com"]
[Source "ChessBase"]
[SourceQuality "1"]

{[%evp 10,121,-6,-25,0,0,0,0,7,0,0,0,0,0,3,1,19,29,41,41,50,50,59,58,61,58,57,43,41,35,45,37,52,8,7,-10,70,70,70,68,68,68,80,75,75,32,137,135,142,141,135,131,155,149,219,224,241,227,245,256,264,264,259,256,234,241,532,552,519,408,416,384,433,416,421,404,394,403,470,472,564,539,643,620,645,633,641,642,628,608,726,675,1297,1252,983,1104,983,944,3073,2766,29973,29974,29972,5222,29987,29988,29989,29987,29987,29986,29986,29987,29987,29987]} 1. d4 d5 2. Nf3 Nf6 3. Bf4 c5 4. e3 Nc6 5. c3 Qb6 6. Qc2 g6 {D02: 1 d4 d5 2 Nf3 sidelines, including 2...Nf6 3 g3 and 2...Nf6 3 Bf4} 7. Nbd2 Bg7 8. h3 O-O {The position is equal.} 9. Be2 Bf5 (9... Nd7 10. O-O e5 11. dxe5 Ndxe5 12. Nxe5 Nxe5 13. e4 dxe4 14. Nxe4 {½-½ (23) Laznicka,V (2668)-Nisipeanu,L (2674) Germany 2019}) 10. Qb3 c4 11. Qxb6 axb6 12. g4 Bd7 (12... Bc8 {seems wilder.} 13. a3 b5 14. Ne5 Rd8 15. O-O-O Ne8) 13. Ne5 Nxe5 $146 ({Predecessor:} 13... Bc8 14. Bf3 {½-½ (53) Boruchovsky,A (2542)-Reshef,O (2467) Israel 2018}) 14. Bxe5 Bc6 15. a3 Nd7 16. Bxg7 Kxg7 17. f4 f6 18. Kf2 b5 19. Bd1 e5 20. Nf3 Rae8 21. Bc2 Nb6 22. Rae1 {[%cal Rd4e5]} Bd7 ({Black should play} 22... e4 $11 23. Nd2 Bd7) 23. dxe5 $14 fxe5 24. Kg3 $1 e4 25. Nd4 Na8 26. Ra1 Nc7 27. a4 b4 (27... Ra8 $14) 28. cxb4 $16 Na6 29. b5 Nb4 30. Kf2 Ra8 {[#]} 31. Ke2 $1 Ra5 {[#]} (31... c3 $16) 32. Kd2 $1 $18 Rfa8 33. b3 Rc8 34. Kc3 Nxc2 35. Kxc2 cxb3+ 36. Kxb3 Rc4 37. Rh2 h5 $2 (37... Rxd4 {was necessary.} 38. exd4 Bxb5) 38. gxh5 gxh5 39. h4 Kf6 40. Rg2 Ra8 41. Rg5 {[%mdl 64] Double Attack} Rac8 42. Rxd5 Bg4 {Now ...Rc3+ and Black clings on.} 43. Re1 Ke7 44. f5 R4c7 45. Kb4 Rc4+ 46. Ka5 b6+ 47. Kxb6 Rxa4 48. Nc6+ Kf6 49. Rd6+ Kg7 50. f6+ Kh6 51. Rf1 Bf3 52. f7+ Kg7 53. Ne5 Rb8+ {[#]} 54. Kc7 $1 Raa8 55. b6 Rc8+ 56. Kd7 {b7 would kill now.} Rd8+ {[#]} 57. Ke7 $1 {White mates.} Rdb8 58. Nd7 Rb7 59. Rc1 Rf8 60. Rc7 Rxf7+ 61. Kd8 {Accuracy: White = 85%, Black = 38%.} 1-0